تحميل...

International wine and food society's guide to far eastern cookery /

التفاصيل البيبلوغرافية
المؤلف الرئيسي: Howe, Robin
اللغة:Undetermined
منشور في: 1969.
LEADER 00424nam a2200121Ia 4500
001 28934
008 170722s9999 xx 000 0 und d
100 |a Howe, Robin 
245 |a International wine and food society's guide to far eastern cookery / 
260 |c 1969. 
942 |c GEN 
999 |c 78058  |d 78058 
952 |0 0  |1 0  |4 0  |6 M_31_000000000000000_49E_K9  |7 0  |8 CR  |9 109839  |a LIB  |b LIB  |d 2017-08-12  |h CR  |o M31.49E K9  |p 131695  |r 2017-08-12  |w 2017-08-12  |y GEN